Anuario de Demografía año 1966

Uloženo v:
Podrobná bibliografie
Korporativní autor: Dirección de Estadística y Censos (Autor)
Médium: Kniha
Jazyk:španělština
Vydáno: Santiago s.n 1966
Témata:
Tagy: Přidat tag
Žádné tagy, Buďte první, kdo vytvoří štítek k tomuto záznamu!

MARC

LEADER 00000nam a2200000 a 4500
001 UCO4246
003 CL-VaPUC
008 000728e19660000cl |||||||||||||||||spa|d
082 0 4 |a 310.983  |b DIR  |2 21 
110 2 |a Dirección de Estadística y Censos  |e author  |9 448560 
245 1 0 |a Anuario de Demografía año 1966 
300 |a 245 p 
942 |c BK 
945 |d 20000728 00:00:00  |a crobeson 
260 |a Santiago  |b s.n  |c 1966 
650 7 |a CENSO 1966  |2 CL-VaPUC  |9 448561 
650 0 |a Población  |9 257577 
650 0 |a Estadísticas  |9 258644 
650 0 |a Demografía   |9 260008 
651 7 |a CHILE  |2 CL-VaPUC  |9 448562 
583 |a last modification  |c 20170808 05:15:20  |k Rodrigo Vera 
999 |c 290311  |d 290309 
952 |0 0  |1 0  |4 0  |6 310_983000000000000_DIR_1966  |7 0  |8 X  |9 339649  |a BIBHIS  |b BIBHIS  |d 2019-11-20  |i 1212370  |l 1  |o 310.983 DIR 1966  |p 1212370  |r 2024-11-19  |s 2024-09-10  |w 2019-11-20  |y BK_X  |k HIS